Szeged. - 1924. június 13., Péntek
Elmentve itt :
| Dokumentumtípus: | Újság |
|---|---|
| Megjelent: |
1924-06-13
|
| Sorozat: | Szeged
5 No. 134 |
| Online Access: | http://dmarchiv.bibl.u-szeged.hu/4466 |
| LEADER | 00464nas a2200145 i 4500 | ||
|---|---|---|---|
| 001 | delm4466 | ||
| 005 | 20200414151343.0 | ||
| 008 | 171213s1924 hu n o 0|| hun d | ||
| 022 | |a 0133-025X | ||
| 040 | |a SZTE Délmagyarország Archívum |b hun | ||
| 041 | |a hun | ||
| 245 | 0 | 0 | |a Szeged. - 1924. június 13., Péntek |h [elektronikus dokumentum] |
| 260 | |c 1924-06-13 | ||
| 490 | 0 | |a Szeged |v 5 No. 134 | |
| 856 | 4 | 0 | |u http://dmarchiv.bibl.u-szeged.hu/4466/1/dm_1924_134.pdf |z Dokumentum-elérés |